Culture of the padi straw mushroom [Volvariella volvacea] on oil palm pericarp wastes /
Saved in:
| Main Author: | |
|---|---|
| Format: | Thesis Book |
| Language: | English |
| Published: |
1977
|
| Subjects: | |
| Tags: |
Add Tag
No Tags, Be the first to tag this record!
|
| LEADER | 01080cam a2200301 4500 | ||
|---|---|---|---|
| 001 | u30730 | ||
| 003 | SIRSI | ||
| 008 | 830226s1977 my a bt 0 eng m | ||
| 015 | |a X820005315 | ||
| 035 | |a AAD-3155 | ||
| 040 | |a UMM | ||
| 043 | |a a-my--- | ||
| 050 | 0 | |a SB353 | |
| 090 | |a SB353 |b Goh | ||
| 091 | |a Microfiche 3330 | ||
| 100 | 1 | 0 | |a Goh, Siew Ching |
| 245 | 1 | 0 | |a Culture of the padi straw mushroom [Volvariella volvacea] on oil palm pericarp wastes / |c Goh Siew Ching |
| 260 | |c 1977 | ||
| 300 | |a xi, 150 leaves : |b ill. ; |c 29cm | ||
| 500 | |a Microfiche (negative). 3 fiche. 11 x 15 cm. | ||
| 500 | |a Typescript | ||
| 502 | |a Dissertation (M.Ag.Sc.) -- Fakulti Pertanian, Universiti Malaya, 1977. | ||
| 504 | 0 | 0 | |a Bibliography: p.106-114 |
| 650 | 0 | |a Mushroom culture |z Malaysia | |
| 948 | |a 16/03/1991 |b 24/09/2003 | ||
| 596 | |a 1 | ||
| 999 | |a SB353 GOH |w LC |c 1 |i A500000626 |l STACKS |m P01UTAMA |r Y |s Y |t TESIS |u 24/10/1991 | ||
| 999 | |a SB353 GOH |w LC |c 2 |i A002757495 |d 18/8/2010 |e 18/8/2010 |l B_KOM4 |m P01UTAMA |n 4 |r Y |s Y |t TESIS |u 8/6/1992 |o .PUBLIC. bkom 4 : 43366, -PROJEK PENDIGITISAN 6/1/06 | ||
